Catalog

Record Details

Catalog Search



1 & 2 Peter  Cover Image Book Book

1 & 2 Peter / Douglas Harink

Record details

  • ISBN: 978-1-58743-097-8 (váz.)
  • Physical Description: 203 s. ; 24 cm
  • Publisher: Grand Rapids, Michigan : BrazosPress, c2009

Content descriptions

Bibliography, etc. Note:
Obsahuje bibliografii, bibliografické odkazy a rejstříky
Subject: Bible. N.Z. List Petrův, 1.
Bible. N.Z. List Petrův, 2.
biblická exegeze
biblická interpretace
Genre: komentáře

Available copies

  • 1 of 1 copy available at Common Catalog SPOK.

Holds

  • 0 current holds with 1 total copy.
Show All Copies
Location Call Number / Copy Notes Barcode Shelving Location Status Due Date
Jabok Library NZ-3.4 424480030552 Odborná literatura Available -

LDR 01267nam a22003617a 4500
00117892
003CZ-PrJAB
00520130926122819.0
007ta
008130129s2009 xxu |||| ||eng||
020 . ‡a978-1-58743-097-8 (váz.) ‡z1-58743-097-5 (váz.)
035 . ‡a(CONS)17892
035 . ‡a(CZ PrSKC)000204517
040 . ‡aCBD005 ‡bcze ‡eAACR2 ‡91
072 7. ‡a2-23/-27 ‡xBible. Biblistika ‡2Konspekt ‡95
080 . ‡a27-277.2 ‡2MRF
080 . ‡a27-277 ‡2MRF
080 . ‡a(0.072) ‡2MRF
1001 . ‡aHarink, Douglas Karel, ‡d1953- ‡7jcu2013744426 ‡4aut
24510. ‡a1 & 2 Peter / ‡cDouglas Harink
2463 . ‡a1 and 2 Peter
2463 . ‡aFirst and Second Peter
260 . ‡aGrand Rapids, Michigan : ‡bBrazosPress, ‡cc2009
300 . ‡a203 s. ; ‡c24 cm
4901 . ‡aBrazos Theological Commentary on the Bible
504 . ‡aObsahuje bibliografii, bibliografické odkazy a rejstříky
63007. ‡aBible. ‡pN.Z. ‡pList Petrův, 1. ‡7unn2006374696 ‡2czenas
63007. ‡aBible. ‡pN.Z. ‡pList Petrův, 2. ‡7unn2006374697 ‡2czenas
65007. ‡abiblická exegeze ‡7ph118844 ‡2czenas
65007. ‡abiblická interpretace ‡7ph118847 ‡2czenas
655 7. ‡akomentáře ‡7fd132578 ‡2czenas
830 0. ‡aBrazos Theological Commentary on the Bible
910 . ‡aABG312
901 . ‡a17892 ‡b ‡c17892 ‡tbiblio

Additional Resources